[Event "Montreal Pere Noel"]
[Site "Montreal"]
[Date "1993.12.29"]
[Round "4"]
[White "Leriche, Felix"]
[Black "Victor, Gary"]
[Result "1-0"]
[WhiteElo "2178"]
[BlackElo "2004"]
[PlyCount "113"]
[EventDate "1993.12.26"]
[EventType "swiss"]
[EventRounds "5"]
[EventCountry "CAN"]
[SourceTitle "EXT 2022"]
[Source "ChessBase"]
[SourceDate "2021.10.06"]
[SourceVersion "1"]
[SourceVersionDate "2021.10.06"]
[SourceQuality "1"]

1. d4 Nf6 2. Bg5 Ne4 3. Bf4 d5 4. f3 Nf6 5. e3 e6 6. Bd3 c5 7. c3 Nc6 8. Nd2 Be7 9. Ne2 a6 10. Rc1 b5 11. g4 Bd6 12. Bxd6 Qxd6 13. g5 Nh5 14. f4 g6 15. Ng3 Ng7 16. Nf3 c4 17. Bb1 Bd7 18. Kf2 h5 19. h4 a5 20. Ne5 Ne7 21. Qf3 Rb8 22. Rce1 b4 23. Re2 bxc3 24. bxc3 0-0 25. e4 Rb6 26. f5 exf5 27. Nxd7 Qxd7 28. exf5 Nexf5 29. Bxf5 Nxf5 30. Nxf5 Qxf5 31. Qxf5 gxf5 32. Rhe1 Rfb8 33. Kf3 Rb1 34. Rxb1 Rxb1 35. Kf4 Rc1 36. Re3 Rc2 37. Ke5 f4 38. Rf3 Rxa2 39. Kxd5 Rh2 40. Rxf4 a4 41. Kxc4 a3 42. Kb3 a2 43. Rf1 Rxh4 44. Kxa2 Rg4 45. d5 Rxg5 46. c4 Kf8 47. Kb3 Ke7 48. Kb4 h4 49. Kc5 h3 50. Kc6 Rg6+ 51. Kc7 h2 52. Re1+ Kf6 53. Rh1 Rg4 54. c5 Ke5 55. Kc6 Rh4 56. d6 f5 57. d7 1-0

[Event "Montreal Pere Noel"]
[Site "Montreal"]
[Date "1993.12.28"]
[Round "3"]
[White "O'Donnell, Tom"]
[Black "Victor, Gary"]
[Result "1-0"]
[WhiteElo "2393"]
[BlackElo "2004"]
[PlyCount "62"]
[EventDate "1993.12.26"]
[EventType "swiss"]
[EventRounds "5"]
[EventCountry "CAN"]
[SourceTitle "EXT 2022"]
[Source "ChessBase"]
[SourceDate "2021.10.06"]
[SourceVersion "1"]
[SourceVersionDate "2021.10.06"]
[SourceQuality "1"]

1. e4 e6 2. d4 d5 3. Nd2 Nf6 4. e5 Nfd7 5. f4 c5 6. c3 Nc6 7. Ndf3 Qb6 8. g3 cxd4 9. cxd4 Bb4+ 10. Kf2 g5 11. fxg5 Ndxe5 12. Nxe5 Nxe5 13. Kg2 Nc6 14. Nf3 Bd7 15. Be2 Bf8 16. b3 Bg7 17. Bb2 Ne7 18. Qd2 Nf5 19. Rac1 e5 20. g4 Nxd4 21. Nxd4 exd4 22. Ba3 Bf8 23. Bxf8 Kxf8 24. Rhf1 Rg8 25. Rf6 Be6 26. Bd3 Qd6 27. Bf5 Ke7 28. Re1 Kd8 29. Bxe6 fxe6 30. Rfxe6 Qc6 31. Rxc6 bxc6 1-0

[Event "Quebec op"]
[Site "Montreal"]
[Date "1993.08.07"]
[Round "8"]
[White "Victor, Gary"]
[Black "Delisle, Claude"]
[Result "0-1"]
[WhiteElo "2035"]
[BlackElo "1993"]
[PlyCount "120"]
[EventDate "1993.07.31"]
[EventType "swiss"]
[EventRounds "8"]
[EventCountry "CAN"]
[SourceTitle "EXT 2022"]
[Source "ChessBase"]
[SourceDate "2021.10.06"]
[SourceVersion "1"]
[SourceVersionDate "2021.10.06"]
[SourceQuality "1"]

1. d4 Nf6 2. c4 g6 3. Nc3 Bg7 4. e4 d6 5. Nf3 0-0 6. Be2 e5 7. 0-0 Nc6 8. d5 Ne7 9. Ne1 Nd7 10. Nd3 f5 11. Bd2 Nf6 12. f3 c6 13. b4 cxd5 14. cxd5 b5 15. Nf2 Qb6 16. Kh1 Bd7 17. a4 a6 18. Qb3 Kh8 19. a5 Qd4 20. Rad1 Rac8 21. Na2 f4 22. Bxf4 Qxd1 23. Rxd1 exf4 24. g4 fxg3 25. hxg3 Nh5 26. Kg2 g5 27. f4 Nxg3 28. Kxg3 Rxf4 29. Qe3 Rcf8 30. Nd3 Ng6 31. Nac1 Rh4 32. Qxg5 Rh3+ 33. Kg2 Nh4+ 34. Qxh4 Rxh4 35. Nf2 Be5 36. Ncd3 Rh2+ 37. Kg1 Rg8+ 38. Kf1 Rgg2 39. Bf3 Rg3 40. Nxe5 dxe5 41. Ke2 h5 42. Rc1 Bg4 43. Bxg4 hxg4 44. d6 Rf3 45. d7 Rfxf2+ 46. Ke1 Re2+ 47. Kf1 Rd2 48. Kg1 Rhg2+ 49. Kf1 Rgf2+ 50. Ke1 g3 51. Rc8+ Kh7 52. Rh8+ Kg7 53. Rg8+ Kh6 54. d8Q Rxd8 55. Rxd8 Rf6 56. Rd3 g2 57. Rh3+ Kg7 58. Rg3+ Rg6 59. Rxg6+ Kxg6 60. Kf2 Kg5 0-1

[Event "Quebec op"]
[Site "Montreal"]
[Date "1993.08.01"]
[Round "2"]
[White "Victor, Gary"]
[Black "Livshits, Ron"]
[Result "0-1"]
[WhiteElo "2035"]
[BlackElo "2369"]
[PlyCount "44"]
[EventDate "1993.07.31"]
[EventType "swiss"]
[EventRounds "8"]
[EventCountry "CAN"]
[SourceTitle "EXT 2022"]
[Source "ChessBase"]
[SourceDate "2021.10.06"]
[SourceVersion "1"]
[SourceVersionDate "2021.10.06"]
[SourceQuality "1"]

1. d4 Nf6 2. c4 g6 3. Nc3 d5 4. Nf3 Bg7 5. Qb3 dxc4 6. Qxc4 0-0 7. e4 a6 8. Qb3 b5 9. a3 Bb7 10. e5 Ng4 11. h3 Nh6 12. Be2 Nf5 13. d5 c5 14. dxc6 Nxc6 15. Bf4 Nfd4 16. Qd1 Nxe2 17. Qxd8 Rfxd8 18. Kxe2 Nd4+ 19. Nxd4 Rxd4 20. Ke3 Rad8 21. f3 Rd2 22. Rad1 R8d3# 0-1